Τεχνολογίες πληροφορικής και επικοινωνιών στη ναυτιλία

Αποθηκεύτηκε σε:
Λεπτομέρειες βιβλιογραφικής εγγραφής
Άλλοι συγγραφείς: Κόκοτος, Δημήτριος Χ.
Μορφή: Βιβλίο
Γλώσσα:Greek
Δημοσίευση: Αθήνα : Σταμούλης, c2010.
Θέματα:
Ετικέτες: Προσθήκη ετικέτας
Δεν υπάρχουν, Καταχωρήστε ετικέτα πρώτοι!

MARC

LEADER 00000nam a2200000 i 4500
001 1/17232
008 120110s2010 gre d
020 |a 9789603518136   |q (set)  
020 |a 9789603518068   |q (v.1)  
020 |a 9789603517801   |q (v.2)  
035 |l 10111637 
040 |a GR-MY-UA  |b gre  |e aacr 
041 0 |a gre 
082 0 |a 387.50285   |2 (22)  
245 1 0 |a Τεχνολογίες πληροφορικής και επικοινωνιών στη ναυτιλία /   |c Κόκοτος Χ. Δημήτριος, Λιναρδάτος Σ. Διονύσιος, Νικητάκος Β. Νικήτας, Τζαννάτος Σ. Ερνέστος.  
260 |a Αθήνα :   |b Σταμούλης,   |c c2010.  
300 |a 2τ. (τ.1: 339 σ. ; τ.2: 332 σ.) :  |b εικ., πίν., σχ. ;   |c 24 εκ.  
504 |a Περιλαμβάνει βιβλιογραφία.  
650 0 0 |a Shipping  |x Data processing. 
650 0 0 |a Information technology. 
650 0 0 |a Electronic data processing. 
700 1 |a Κόκοτος, Δημήτριος Χ. 
852 |a INST  |b CHIOS  |e 20120629  |h 387.50285 ΤΕΧ  |p 005200035667  |q 005200035667  |t BK  |y 0  |z τ.1 
852 |a INST  |b CHIOS  |e 20120629  |h 387.50285 ΤΕΧ  |p 005200035667  |q 005200035667  |t BK  |v τ.1:  |y 0  |z τ.1 
852 |a INST  |b CHIOS  |c EUDOXUS  |e 20120110  |h 387.50285 ΤΕΧ  |p 005200033203  |q 005200033203  |t BK  |y 0  |z τ.1 
852 |a INST  |b CHIOS  |c EUDOXUS  |e 20120110  |h 387.50285 ΤΕΧ  |p 005200033203  |q 005200033203  |t BK  |v τ.1:  |y 0  |z τ.1 
852 |a INST  |b CHIOS  |c EUDOXUS  |e 20151116  |h 387.50285 ΤΕΧ  |p 005200037317  |q 005200037317  |t BK  |v τ.2:  |y 0 
852 |a INST  |b CHIOS  |c EUDOXUS  |e 20161128  |h 387.50285 ΤΕΧ  |p 005200038997  |q 005200038997  |t BK  |v τ.2:  |y 0 
853 |a INST  |b CHIOS  |h 387.50285 ΤΕΧ 
853 |a INST  |b CHIOS  |c EUDOXUS  |h 387.50285 ΤΕΧ 
920 |a Εύδοξος  |b Επιστροφή  |y Χίος  |z 2016-11 
920 |a Εύδοξος  |b Επιστροφή  |y Χίος  |z 2011-12 
920 |a Λιοπάκη  |b Γεωργία  |y Χίος  |z 2012-06 
970 |a Σπέντζα  |b Ελένη  |z 2012/01/10 
920 |a Εύδοξος  |b Επιστροφή  |y Χίος  |z 2015-11